部首为贝的常见中文汉字 Common Chinese characters with the radical “Shell” - Statistics

General Stats
  • This quiz has been taken 26 times
    25 since last reset
  • The average score is 25 of 66
Answer Stats
拼音首字母 笔画数 汉字 % Correct
b 4
85%
c 7
75%
z 8
70%
d 9
65%
h 10 贿
65%
z 8
65%
d 12
60%
h 8
60%
j 9
60%
l 10
60%
y 9
60%
z 10
60%
z 10
60%
b 8
55%
ɡ 8
55%
p 8
55%
s 11
55%
f 12
50%
ɡ 9
50%
m 9
50%
t 8
50%
t 9
50%
z 16
50%
f 6
45%
p 12
45%
z 10
45%
z 14
45%
b 8
40%
c 12
40%
l 10
40%
s 12
40%
z 8
40%
f 8
35%
ɡ 7
35%
ɡ 8
35%
j 10
35%
s 12
35%
x 8
35%
b 9
30%
f 9
30%
ɡ 10
30%
z 16
30%
f 14
25%
h 9
25%
k 9
25%
s 14
25%
z 6
25%
z 10
25%
d 12
20%
l 11
20%
q 11
20%
s 17
20%
z 8
20%
z 11
20%
z 14
20%
j 10
15%
y 17
15%
z 10
15%
e 9
10%
ɡ 12
10%
j 12
10%
l 13
5%
y 16
5%
ɡ 21
0%
s 9
0%
z 15
0%
No matching quizzes found
Score Distribution
Percent of People with Each Score
Percentile by Number Answered
Your Score History
You have not taken this quiz since the last reset